Obras maestras de los impresionistas franceses : (Record no. 118975)

MARC details
000 -LEADER
campo de control de longitud fija 00916nam a2200229 i 4500
001 - NÚMERO DE CONTROL
campo de control 118975
003 - IDENTIFICADOR DE NÚMERO DE CONTROL
campo de control ES-MaACL
005 - FECHA Y HORA DE LA ÚLTIMA TRANSACCIÓN
campo de control 20230906191220.0
008 - DATOS DE LONGITUD FIJA--INFORMACIÓN GENERAL
campo de control de longitud fija 070214q1941 sp f |||| | spa d
080 ## - NÚMERO DE LA CLASIFICACIÓN DECIMAL UNIVERSAL
Número de la Clasificación Decimal Universal 75.036(44)
245 00 - MENCIÓN DEL TÍTULO
Título Obras maestras de los impresionistas franceses :
Resto del título nueve grabados en color y dieciséis ilustraciones de cuadros, dibujos, grabados en madera y litografías /
Mención de responsabilidad, etc. introducción por Karl Scheffer ; y un breve estudio preliminar de F. Pérez-Dolz.
260 ## - PUBLICACIÓN, DISTRIBUCIÓN, ETC.
Lugar de publicación, distribución, etc. Barcelona :
Nombre del editor, distribuidor, etc. Orbis,
Fecha de publicación, distribución, etc. [1941?]
300 ## - DESCRIPCIÓN FÍSICA
Extensión 33 p., [9] h. de lám. col. :
Otras características físicas il. ;
Dimensiones 35 cm.
490 1# - MENCIÓN DE SERIE
Mención de serie Monografías de arte
650 #4 - PUNTO DE ACCESO ADICIONAL DE MATERIA--TÉRMINO DE MATERIA
Término de materia o nombre geográfico como elemento de entrada Impresionismo (Arte)-
Subdivisión geográfica Francia.
9 (RLIN) 165160
650 #4 - PUNTO DE ACCESO ADICIONAL DE MATERIA--TÉRMINO DE MATERIA
Término de materia o nombre geográfico como elemento de entrada Pintura francesa-
Subdivisión cronológica S.XIX.
9 (RLIN) 156487
700 1# - ENTRADA AGREGADA--NOMBRE PERSONAL
Nombre de persona Scheffer, Karl.
9 (RLIN) 104269
700 1# - ENTRADA AGREGADA--NOMBRE PERSONAL
Nombre de persona Pérez-Dolz, Francisco.
9 (RLIN) 90836
830 1# - PUNTO DE ACCESO ADICIONAL DE SERIE-TÍTULO UNIFORME
Título uniforme Monografías de arte
9 (RLIN) 179845
852 ## - LOCALIZACIÓN
Ubicación ES-MaACL
Número de control de estantería F-15992
Holdings
Estatus retirado Estado de pérdida Estado de daño No para préstamo Biblioteca de origen Biblioteca actual Ubicación en estantería Fecha de adquisición Fuente de adquisición Total de préstamos Signatura topográfica completa Código de barras Visto por última vez Precio de reemplazo Tipo de ítem Koha
        Biblioteca del Ateneo de Madrid Biblioteca del Ateneo de Madrid Sala Pecera Planta 2 17/01/2008     F-15992 1124030 23/02/2023 23/02/2023 Libro impreso